Student's solutions manual for physical chemistry

The Student's Solutions Manual for Physical Chemistry, Sixth Edition is very helpful and provides enough information in their problem solving to understand the basis of the chapters and the problems.

Bewaard in:
Bibliografische gegevens
Formaat: Boek
Taal:Undetermined
Gepubliceerd in: Oxfor Oxford Univ. Press 1998
Onderwerpen:
Tags: Voeg label toe
Geen labels, Wees de eerste die dit record labelt!
Thư viện lưu trữ: Trung tâm Học liệu Trường Đại học Cần Thơ
LEADER 00744nam a2200193Ia 4500
001 CTU_37784
008 210402s9999 xx 000 0 und d
082 |a 541.3 
082 |b S874 
245 0 |a Student's solutions manual for physical chemistry 
245 0 |c Peter W. Atkins ...[et al.] 
260 |a Oxfor 
260 |b Oxford Univ. Press 
260 |c 1998 
520 |a The Student's Solutions Manual for Physical Chemistry, Sixth Edition is very helpful and provides enough information in their problem solving to understand the basis of the chapters and the problems. 
650 |a Chemistry, physical and theoretical 
650 |x Problems, exercises, etc 
904 |i Hai 
980 |a Trung tâm Học liệu Trường Đại học Cần Thơ